000 00596nam a2200169 i 4500
001 179995
003 ES-MaACL
005 20230906220950.0
008 120313s1906 sp |||| | spa d
100 1 _aGarrido Ramos, Julio.
_9149594
245 1 0 _aEnsayo sobre las causas y significación del regionalismo /
_cJ. G. [Julio Garrido Ramos].
260 _aSan Sebastián :
_b[s.n.],
_c1906 (
_fImp. de La Voz de Guipuzcoa)
300 _a107 p. ;
_c20 cm.
594 _aEncabezamiento tomado de la Biblioteca Nacional.
650 0 4 _aRegionalismo-
_zEspaña.
_916748
852 _aES-MaACL
_jT-726-F-3
999 _c179995
_d179995